000
00327nam a2200145Ia 4500
008
150301s2015 xx 000 0 und d
082
_a
615.1
_b
P10J
100
_a
AJAY S. JOSEPH
245
_a
PHARMACEUTICAL MARKETING
250
_a
1ST
260
_b
CBS- DELHI
300
_a
156
650
_a
PHARMACEUTICS
942
_2
ddc
_c
BK
999
_c
7164
_d
7164